Ժամանակակից ամերիկահայ պատմվածք = (Record no. 171819)
[ view plain ]
| 000 -LEADER | |
|---|---|
| fixed length control field | 01987nam a2200277 u 4500 |
| 001 - CONTROL NUMBER | |
| control field | 000470222 |
| 003 - CONTROL NUMBER IDENTIFIER | |
| control field | AM-YeHGA |
| 005 - DATE AND TIME OF LATEST TRANSACTION | |
| control field | 20250618072534.0 |
| 008 - FIXED-LENGTH DATA ELEMENTS--GENERAL INFORMATION | |
| fixed length control field | 060110s2005 ai r 000 0 arm d |
| 020 ## - INTERNATIONAL STANDARD BOOK NUMBER | |
| International Standard Book Number | 9994145231 |
| 040 ## - CATALOGING SOURCE | |
| Original cataloging agency | AM-YeHGA |
| 041 1# - LANGUAGE CODE | |
| Language code of text/sound track or separate title | arm |
| Language code of original | eng |
| 090 ## - LOCALLY ASSIGNED LC-TYPE CALL NUMBER (OCLC); LOCAL CALL NUMBER (RLIN) | |
| -- | 173257 |
| 245 00 - TITLE STATEMENT | |
| Title | Ժամանակակից ամերիկահայ պատմվածք = |
| Remainder of title | Modern American Armenian short stories / |
| Statement of responsibility, etc. | Թարգմ. անգլ.՝ Ա. Արսենյան; Խմբ.՝ Լ. Անանյան. |
| 246 11 - VARYING FORM OF TITLE | |
| Title proper/short title | Modern American Armenian short stories |
| 260 ## - PUBLICATION, DISTRIBUTION, ETC. | |
| Place of publication, distribution, etc. | Երևան : |
| Name of publisher, distributor, etc. | ՀԳՄ, |
| Date of publication, distribution, etc. | 2005-. |
| 300 ## - PHYSICAL DESCRIPTION | |
| Extent | 2 գ. ;. |
| 500 ## - GENERAL NOTE | |
| General note | Տեղեկություններ հեղինակների մասին |
| 500 ## - GENERAL NOTE | |
| General note | I գրքում զետեղված են Փ. Նաջարյանի, Կ. Սիրաբյանի, Լ.Հ. Տոլեղյան Հյուզի, Ջ.Պ. Պահիգյանի, Ա. Սարոյանի, Ք. Բոջալյանի, Վ. Միքայելյանի, Ա. Սեմերջյանի, Շ. Սանոսյանի, Մ. Մաթևոսյան-Մորաբիտոնի, Կ. Կուզիրյանի, Լ.Կ. Լայբոլդի, Մ.Մ. Կանդալյան-Ասլանյանի, Ա. Ալկազովի, Ն. Գրիգորյանի, Լ. Այվազյանի, ստեղծագործությունները |
| 500 ## - GENERAL NOTE | |
| General note | III գրքում զետեղված են Ն.Գրիգորյանի,Փ.Նաջարյանի, Փ.Սուրյանի, Մ.Արաքսի,Ա.Ջանիկյանի, Ա.Սարոյանի, Մ.Մ.Կանդալյան-Ասլանյանի, Ջ.Ասլանյանի, Վ.Մադիգանի, Ք.Սալիբյանի, Մ.Մինասյանի, Ն.Ագաբյանի, Ա.Ուայթհոռնի ստեղծագործությունները |
| 505 0# - FORMATTED CONTENTS NOTE | |
| Miscellaneous information | [Գ. Ա] (2005, 128 էջ) |
| -- | Գ. Գ (2011, 134 էջ, Ապոլոն) |
| 650 14 - SUBJECT ADDED ENTRY--TOPICAL TERM | |
| Topical term or geographic name entry element | Ամերիկյան գրականություն |
| 653 0# - INDEX TERM--UNCONTROLLED | |
| Uncontrolled term | Այլալեզու հայ գրողներ |
| 700 1# - ADDED ENTRY--PERSONAL NAME | |
| Personal name | Արսենյան, Արամ |
| Relator term | թարգմ. |
| Relationship | trl |
| 700 1# - ADDED ENTRY--PERSONAL NAME | |
| Personal name | Անանյան, Լևոն Զաքարի, |
| Dates associated with a name | 1946-2013 |
| Relator term | խմբ. |
| Relationship | edt |
| 9 (RLIN) | 2144 |
| Withdrawn status | Lost status | Damaged status | Not for loan | Collection | Home library | Current library | Date acquired | Total checkouts | Full call number | Barcode | Date last seen | Price effective from | Koha item type | Public note |
|---|---|---|---|---|---|---|---|---|---|---|---|---|---|---|
| General | Fundamental Scientific Library | Fundamental Scientific Library | 28/12/2016 | AII/90956 | 220090956 | 28/12/2016 | 28/12/2016 | Գրքեր / Books | 30 Days Loan |
ՀՀ Գիտությունների ազգային ակադեմիայի հիմնարար գիտական գրադարան = Fundamental Scientific Library of NAS RA
All site content, except where otherwise noted, is licensed under a